| 000 | 00453nam a22001697a 4500 | ||
|---|---|---|---|
| 003 | NUST - PNEC | ||
| 005 | 20170116181146.0 | ||
| 008 | 151012b xxu||||| |||| 00| 0 eng d | ||
| 020 | _a969413059X | ||
| 040 | _cLIBRARY | ||
| 082 | _a923.1549 SID | ||
| 100 |
_914986 _aSiddiqui, Muhammad Ali |
||
| 245 |
_aZikar e Quaid e Azam _cDr. Muhammad Ali Siddiqui |
||
| 260 |
_aKarachi _c1996 |
||
| 650 |
_914987 _aUrdu Literature _xGeneral |
||
| 942 |
_2ddc _cBK |
||
| 999 |
_c70696 _d70696 |
||